000 00424nam a2200157Ia 4500
005 20250407095153.0
008 231217s9999 xx 000 0 und d
020 _a9788131419779
082 _a658.4022 BHA;1 R
100 _aBhargava,Harsh Bellur,Aparna ed.
245 0 _aVirtual leadership: an introduction
260 _c2008
_bICFAI
_aHyderabad
300 _aviii+212
650 _aVirtual,leadership:
942 _cAA
999 _c191845
_d191845